[Event "I'm bored cup"]
[Site "http://www.queenalice.com/game.php?id=783972"]
[Date "2010.6.1"]
[Round "-"]
[White "Zwaanman"]
[Black "purplereign"]
[Result "1-0"]
[WhiteElo "1547"]
[BlackElo "1377"]

1. d4 d5 2. e3 g6 3. c3 h5 4. g3 Bg4 5. Qd3 Bf5 6. Qd2 Be4 7. f3 Bxb1 8. Rxb1 e6
9. b4 Bd6 10. Ba3 Ne7 11. Nh3 Nbc6 12. Nf4 Bxf4 13. gxf4 h4 14. Bh3 Nf5 15. b5
Na5 16. Bf1 Nc4 17. Qc1 Ncxe3 18. Qb2 Nc4 19. Qc1 Nfe3 20. Bxc4 Nxc4 21. Bb4 f5
22. O-O Rh5 23. Qe1 g5 24. Qxe6+ 1-0

[Event "Challenge"]
[Site "http://www.queenalice.com/game.php?id=788848"]
[Date "2010.6.12"]
[Round "-"]
[White "claudius46"]
[Black "purplereign"]
[Result "0-1"]
[WhiteElo "1384"]
[BlackElo "1409"]

1. e4 e5 2. Nh3 Nf6 3. Nc3 d6 4. Bc4 Be6 5. Bxe6 fxe6 6. Nb5 Nxe4 7. Qe2 Nc5 8.
Qc4 Qe7 9. f4 exf4 10. Nxf4 d5 11. Qb4 Nba6 12. Nxd5 Qh4+ 13. g3 Qd8 14. Nbxc7+
Kf7 15. Rf1+ Kg8 16. Qc4 Nxc7 17. Nf4 Nd5 18. Nxd5 exd5 19. Qe2 Qe7 20. d4 Ne4
21. a3 Nxg3 22. hxg3 Re8 23. Rf2 Qd7 24. Be3 h5 25. Rf3 h4 26. g4 h3 27. O-O-O
h2 28. Rh1 Qxg4 29. Rxh2 Rxh2 30. Qf1 Qh4 31. Bf2 Qg4 32. Bg3 Rh3 33. Kb1 Rxg3
34. Rxg3 Qxg3 35. Qf5 Re1+ 36. Ka2 Qd6 37. Qd3 Qc6 38. Qb3 b5 39. Qd3 a5 40. Qd2
Qc4+ 41. b3 Qf1 42. Qc3 g5 43. b4 Qc4+ 44. Qb3 a4 45. Qxc4 dxc4 46. Kb2 g4 47.
Kc3 g3 48. d5 g2 0-1

[Event "gamblor cup"]
[Site "http://www.queenalice.com/game.php?id=791617"]
[Date "2010.6.17"]
[Round "-"]
[White "purplereign"]
[Black "Zwaanman"]
[Result "0-1"]
[WhiteElo "1368"]
[BlackElo "1563"]

1. c4 e5 2. Nf3 Bd6 3. e3 b6 4. h4 Ba6 5. Ng5 Nf6 6. Be2 c5 7. Bf3 Bb7 8. Bxb7
Na6 9. Bxa6 h6 10. Nf3 e4 11. Nh2 g5 12. g3 Ng8 13. Qh5 Be5 14. hxg5 Qxg5 15. g4
Nf6 16. Qh3 d6 17. Bb5+ Kf8 18. Bc6 Rc8 19. Ba4 a5 20. f3 Ne8 21. Bxe8 Rxe8 22.
f4 Bxf4 23. exf4 Qxf4 24. d3 Qxc1+ 25. Kf2 Qxh1 26. Kg3 exd3 27. Qf1 Re3+ 28.
Kf2 Qe4 29. Nc3 Qf4+ 30. Kg2 Qg3+ 31. Kh1 d2 32. Ne2 Qh3 33. Qxh3 Rxh3 34. Rd1
Rd3 35. Nf4 Rd4 36. Ne2 Rd3 37. Nf4 Rd4 38. Nf3 Rxf4 39. Nxd2 Rxg4 40. Rg1 Rh4+
41. Kg2 Rg8+ 42. Kf1 Rf4+ 0-1

[Event "Challenge"]
[Site "http://www.queenalice.com/game.php?id=793971"]
[Date "2010.6.23"]
[Round "-"]
[White "Racey"]
[Black "purplereign"]
[Result "1-0"]
[WhiteElo "1359"]
[BlackElo "1424"]

1. e4 e5 2. Nf3 Nf6 3. Qe2 Qe7 4. Qc4 Qc5 5. Qa4 g6 6. Ng5 Bh6 7. b4 Qf8 8. Nf3
Nxe4 9. Nxe5 Qg7 10. Ng4 Qxa1 11. Qb3 Bxd2+ 12. Bxd2 Qd4 13. Be3 Qd6 14. Bd3 Nf6
15. Nh6 Rf8 16. Nc3 c6 17. Bc5 Qe6+ 18. Qxe6+ Kd8 19. Qe7+ Kc7 20. Qxf8 b6 21.
Qd6+ 1-0

[Event "cock cunt poofter fuck cup"]
[Site "http://www.queenalice.com/game.php?id=794481"]
[Date "2010.6.24"]
[Round "-"]
[White "purplereign"]
[Black "Zwaanman"]
[Result "0-1"]
[WhiteElo "1360"]
[BlackElo "1571"]

1. c4 e5 2. e4 f6 3. Qa4 Nc6 4. Nc3 Nb4 5. Be2 a6 6. Bh5+ g6 7. Bg4 b5 8. Nxb5
Nd3+ 9. Kd1 Nxf2+ 10. Kc2 Nxh1 11. d3 Bc5 12. Ne2 Bb7 13. b4 Be7 14. Be3 axb5
15. Qxb5 Bc6 16. Qxc6 dxc6 17. Rxh1 Rxa2+ 0-1

[Event "Challenge"]
[Site "http://www.queenalice.com/game.php?id=795326"]
[Date "2010.6.26"]
[Round "-"]
[White "Zwaanman"]
[Black "purplereign"]
[Result "0-1"]
[WhiteElo "1579"]
[BlackElo "1352"]

1. d4 d5 2. c3 Nf6 3. e3 Ne4 4. g4 g6 5. Bg2 Nf6 6. h3 e6 7. Nf3 Bd7 8. Ne5 Bd6
9. g5 Nh5 10. Nxd7 Qxd7 11. b4 Qe7 12. f4 Ng3 13. Rg1 O-O 14. Qf3 Nh5 15. Na3 c6
16. b5 Bxa3 17. bxc6 Nxc6 18. Qe2 Ng3 19. Qd3 Bxc1 20. Rxc1 Qa3 21. Qd2 Ne4 22.
Bxe4 dxe4 23. Rb1 Na5 24. h4 Nc4 25. Qe2 b5 26. Rxb5 Qxc3+ 27. Kf2 Rab8 28. Rxb8
Rxb8 29. h5 Rb2 30. Qxb2 Qxb2+ 31. Kg3 Nxe3 0-1

[Event "cunt"]
[Site "http://www.queenalice.com/game.php?id=797839"]
[Date "2010.7.2"]
[Round "-"]
[White "Zwaanman"]
[Black "purplereign"]
[Result "1-0"]
[WhiteElo "1510"]
[BlackElo "1421"]

1. Nf3 f6 2. Nc3 c6 3. e4 Nh6 4. h3 e5 5. b3 Bc5 6. Na4 Bd4 7. Bb2 Bxb2 8. Nxb2
O-O 9. Bc4+ Nf7 10. g4 b5 11. Bd3 b4 12. h4 Ba6 13. g5 Bxd3 14. Nxd3 fxg5 15.
hxg5 Nxg5 16. Ndxe5 Nxf3+ 17. Nxf3 Re8 18. d3 h6 19. Nh4 Re6 20. f4 Na6 21. f5
Re5 22. Ng6 Re8 23. Qf3 Qf6 24. O-O-O Qa1+ 25. Kd2 Qxa2 26. Ra1 Qb2 27. Rxa6
Qc3+ 28. Kd1 c5 29. f6 Qa1+ 30. Rxa1 1-0

[Event "up your arse cup"]
[Site "http://www.queenalice.com/game.php?id=797844"]
[Date "2010.7.2"]
[Round "-"]
[White "Zwaanman"]
[Black "purplereign"]
[Result "1/2-1/2"]
[WhiteElo "1522"]
[BlackElo "1405"]

1. b4 b5 2. Nc3 Bb7 3. Nxb5 a6 4. Nd4 Nc6 5. e3 Nxb4 6. Rb1 a5 7. a3 c5 8. axb4
cxd4 9. bxa5 Qb8 10. Ra1 Qe5 11. f4 Qd5 12. Qf3 Rc8 13. a6 Qxf3 14. Nxf3 Bxf3
15. gxf3 Ra8 16. Rb1 e6 17. Rb7 Nf6 18. exd4 Bd6 19. c4 O-O 20. c5 Bxf4 21. Ba3
Nd5 22. c6 Rfc8 23. a7 g6 24. h4 Rc7 25. Ba6 Rxa7 26. h5 Rxa6 27. Rb8+ Kg7 28.
hxg6 Kxg6 29. Rg1+ Kf6 30. Bf8 Ra1+ 31. Kf2 Bxd2 32. Rxa1 Rxc6 33. Rh1 Be3+ 34.
Kg3 Rc2 35. Rxh7 Bf4+ 36. Kg4 e5 37. Bh6 Kg6 38. Rbh8 Bxh6 39. Rxh6+ Kg7 40.
R6h7+ Kf6 41. dxe5+ Kxe5 42. Rxf7 Rg2+ 1/2-1/2

[Event "Challenge"]
[Site "http://www.queenalice.com/game.php?id=798997"]
[Date "2010.7.5"]
[Round "-"]
[White "purplereign"]
[Black "Racey"]
[Result "0-1"]
[WhiteElo "1438"]
[BlackElo "1406"]

1. e4 Nf6 2. Nc3 h5 3. Bc4 h4 4. Nh3 e5 5. O-O c5 6. a4 a5 7. Ng5 Qe7 8. Nxf7
Rh5 9. Nb5 d5 10. Nbd6+ Kd7 11. Bb5+ Kc7 12. Nxe5 Qxd6 13. Nf3 Nxe4 14. Bd3 Nf6
15. b3 d4 16. Bb2 Ng4 17. g3 h3 18. c3 dxc3 19. Bxc3 g5 20. Qe1 Qxd3 21. Ne5 Qf5
22. Rc1 Nf6 23. d4 Be6 24. Bxa5+ b6 25. Bb4 Bxb3 26. dxc5 bxc5 27. Ba5+ Kd6 28.
Bd8 Ne4 29. Qe3 Bxa4 30. g4 Qxe5 31. gxh5 g4 32. Bb6 Kc6 33. Bxc5 Bxc5 34. Rxc5+
Qxc5 35. Qxe4+ Qd5 36. Qxg4 Qd3 37. Rc1+ Kd5 38. Ra1 Bd7 39. Rd1 Bxg4 40. Rxd3+
Ke4 41. Rd1 Bxd1 0-1

[Event "Challenge"]
[Site "http://www.queenalice.com/game.php?id=799596"]
[Date "2010.7.6"]
[Round "-"]
[White "purplereign"]
[Black "claudius46"]
[Result "0-1"]
[WhiteElo "1421"]
[BlackElo "1408"]

1. e4 e5 2. Bc4 Nh6 3. Qf3 f6 4. Qh5+ g6 5. Qe2 Nc6 6. c3 Na5 7. Na3 f5 8. Nf3
Nf7 9. Bxf7+ Kxf7 10. b4 Qe7 11. bxa5 Bh6 12. Qc4+ Qe6 13. Qxc7 Qa6 14. Qc5 d6
15. Qd5+ Kf6 16. h4 Bf4 17. g3 Qc6 18. Qd3 fxe4 19. Qc4 d5 20. Qxc6+ bxc6 21.
Nh2 Bh6 22. O-O Bh3 23. Re1 Bf8 24. d4 exd4 25. cxd4 Rb8 26. Nc2 Bd6 27. Bh6 Rb2
28. Re2 Bb4 29. Bg5+ Kg7 30. Nxb4 Rxe2 31. Nxc6 Rf8 32. Bf4 Rf7 33. Ne5 Rc7 34.
Rc1 Rb7 35. h5 gxh5 36. g4 Kf6 37. Rc6+ Ke7 38. Bg5+ Kf8 39. Rc8+ Kg7 40. a6
Rb1+ 41. Rc1 Rxc1+ 42. Bxc1 Re1+ 43. Nf1 Rxc1 44. Kh2 hxg4 45. Ng3 Bf1 46. Nh5+
Kh6 47. Nf6 Rc2 48. Nxd5 Rxa2 49. Ne3 Bxa6 50. N3xg4+ Kg5 51. d5 Kf4 52. d6 Rd2
53. d7 Be2 54. Nf7 Bxg4 55. d8=Q Rxd8 56. Nxd8 Kf3 57. Kg1 a5 58. Nc6 a4 59. Nb4
a3 60. Kf1 h5 61. Nc2 a2 62. Ke1 h4 63. Kf1 Kf4 64. Kg1 Bd1 65. Na1 Kf3 66. Kf1
h3 67. Kg1 Be2 68. Kh1 Kxf2 69. Kh2 Bf1 70. Kh1 Bg2+ 71. Kh2 e3 72. Nc2 e2 0-1

[Event "Prime Parenting Examples"]
[Site "http://www.queenalice.com/game.php?id=799619"]
[Date "2010.7.6"]
[Round "-"]
[White "Zwaanman"]
[Black "purplereign"]
[Result "1-0"]
[WhiteElo "1517"]
[BlackElo "1410"]

1. d4 d5 2. c3 Bf5 3. Nf3 g6 4. b4 Bh6 5. Bxh6 Nf6 6. Bg7 Rg8 7. Bxf6 exf6 8. h3
Bxb1 9. Rxb1 Nc6 10. g4 g5 11. h4 Ne7 12. hxg5 fxg5 13. Rxh7 b6 14. Nxg5 Rxg5
15. Rh8+ Rg8 16. Rh4 Kd7 17. Rh3 Rxg4 18. Rg3 Qg8 19. Bh3 Nf5 20. Rxg4 a5 21.
Rxg8 1-0

[Event "Kut Kup"]
[Site "http://www.queenalice.com/game.php?id=801784"]
[Date "2010.7.11"]
[Round "-"]
[White "Zwaanman"]
[Black "purplereign"]
[Result "0-1"]
[WhiteElo "1494"]
[BlackElo "1419"]

1. d4 Nc6 2. e3 d5 3. c3 Nf6 4. Nf3 Bf5 5. Na3 Bg4 6. h3 Bh5 7. b4 g6 8. Ne5
Bxd1 9. Kxd1 Nxe5 10. dxe5 Ne4 11. Nb5 Nxf2+ 12. Ke1 Nxh1 13. Bd3 e6 14. a4 Qh4+
15. Kf1 Qf2# 0-1

[Event "Challenge"]
[Site "http://www.queenalice.com/game.php?id=805735"]
[Date "2010.7.19"]
[Round "-"]
[White "GesetzMeister"]
[Black "purplereign"]
[Result "1-0"]
[WhiteElo "1765"]
[BlackElo "1440"]

1. e4 e5 2. Nf3 Nf6 3. Bc4 Bc5 4. d3 Ng4 5. Be3 Nxe3 6. fxe3 Bxe3 7. g3 Bd4 8.
Nxd4 exd4 9. Qf3 f6 10. Nd2 Qe7 11. O-O-O d6 12. Qh5+ g6 13. Qh4 Be6 14. Kb1
Bxc4 15. Nxc4 b5 16. Nd2 O-O 17. Rhf1 Nc6 18. Rc1 Nb4 19. a3 g5 20. Qh6 Qg7 21.
Qh3 Nc6 22. c3 dxc3 23. Rxc3 g4 24. Qh5 Qg5 25. Qxg5+ fxg5 26. Rxc6 Rxf1+ 27.
Nxf1 Rf8 28. Nd2 Rf2 29. Kc2 Rxh2 30. Rxc7 h5 31. Rc3 h4 32. gxh4 gxh4 33. Kb3
g3 34. Nf3 Rf2 35. Nxh4 Rf4 36. Ng2 Rg4 37. Rc6 Rg6 38. Ra6 Rg4 39. Rxa7 d5 40.
e5 Kf8 41. Rc7 Rd4 42. Rc5 Rxd3+ 43. Kc2 Rf3 44. Rxd5 Rf2+ 45. Rd2 Ke7 46. Rxf2
gxf2 47. Ne3 Ke6 48. Kd2 Kxe5 49. Ke2 Ke4 50. Kxf2 Kd3 51. Nd5 Kc2 52. b4 Kb3
53. Ke3 Kxa3 54. Kd4 Kb2 55. Kc5 Kc2 56. Kxb5 Kd3 57. Kc5 Ke4 58. b5 Ke5 59. b6
Ke6 60. b7 Kd7 61. b8=Q Ke6 62. Qf4 Kd7 63. Qd6+ Ke8 64. Qe7# 1-0

[Event "Poof"]
[Site "http://www.queenalice.com/game.php?id=806082"]
[Date "2010.7.20"]
[Round "-"]
[White "Zwaanman"]
[Black "purplereign"]
[Result "0-1"]
[WhiteElo "1475"]
[BlackElo "1429"]

1. d4 Nf6 2. f4 Ne4 3. Qd3 f5 4. g4 Nd6 5. gxf5 g6 6. fxg6 hxg6 7. Qxg6+ Nf7 8.
e4 Rh6 9. Qg8 Rh8 10. Qg6 Bh6 11. Bc4 e6 12. f5 Bxc1 13. a4 Bxb2 14. Ra2 Bxd4
15. c3 Bxg1 16. Rxg1 Qh4+ 17. Rf2 Qxe4+ 18. Kd2 Qxc4 19. fxe6 Qd5+ 20. Kc2 Qa2+
21. Kd3 Qxf2 22. Qxf7+ Qxf7 23. exf7+ Kxf7 0-1

[Event "Challenge"]
[Site "http://www.queenalice.com/game.php?id=814252"]
[Date "2010.8.6"]
[Round "-"]
[White "purplereign"]
[Black "vinoseco"]
[Result "1-0"]
[WhiteElo "1404"]
[BlackElo "1337"]

1. e4 Nf6 2. Nc3 d5 3. Bb5+ c6 4. Bd3 Bg4 5. Be2 d4 6. e5 Nd5 7. Nxd5 cxd5 8.
Bxg4 Nc6 9. Nf3 g6 10. O-O h5 11. Bh3 Rg8 12. g3 e6 13. d3 Ne7 14. Nxd4 f5 15.
Nxe6 Qd7 16. Nxf8 Rxf8 17. Re1 Rc8 18. e6 Qd6 19. Bh6 Rh8 20. Bg5 Rf8 21. Bxe7
Kxe7 22. d4 Rc4 23. b3 Rc3 24. Re3 Rfc8 25. Rxc3 Rxc3 26. Rc1 Qa6 27. Qd2 Rc6
28. Qh6 Rxe6 29. Qh7+ Kd6 30. a4 Qe2 31. Bf1 Qd2 32. Ra1 Qxc2 33. Ra3 Qb2 34.
Qxb7 Qxa3 35. Qb8+ Ke7 36. Qxa7+ Kf6 37. a5 Qa1 38. a6 Re1 39. Qb6+ Kg5 40. Qd8+
Kg4 41. Qh4+ Kf3 42. Qf4# 1-0

[Event "Challenge"]
[Site "http://www.queenalice.com/game.php?id=817280"]
[Date "2010.8.12"]
[Round "-"]
[White "purplereign"]
[Black "robertson"]
[Result "0-1"]
[WhiteElo "1447"]
[BlackElo "1672"]

1. e4 e5 2. Bc4 Nf6 3. Qf3 a6 4. Nh3 h6 5. O-O g5 6. Nc3 d6 7. b3 g4 8. Qe3 gxh3
9. gxh3 h5 10. h4 Bh6 11. Qe2 Ng4 12. d3 Bg7 13. Nd5 b5 14. Bxb5+ c6 15. Bxc6+
Nxc6 16. Bg5 f6 17. Be3 Rb8 18. Nb6 Rxb6 19. Bxb6 Qxb6 20. h3 Nh6 21. Qxh5+ Ke7
22. Qg6 Kf8 23. Qg3 Rg8 24. Kh1 f5 25. f4 exf4 26. Qxf4 Nd4 27. exf5 Nhxf5 28.
c3 Bh6 29. Qxh6+ Kf7 30. cxd4 Qc6+ 31. Rf3 Qxf3+ 32. Kh2 Qg2# 0-1

[Event "PURPLE REIGN"]
[Site "http://www.queenalice.com/game.php?id=830664"]
[Date "2010.9.10"]
[Round "-"]
[White "purplereign"]
[Black "GesetzMeister"]
[Result "1-0"]
[WhiteElo "1473"]
[BlackElo "1474"]

1. b4 e5 2. Nf3 e4 3. Ne5 Bxb4 4. Ba3 Bd6 5. Nc4 Nc6 6. Bxd6 cxd6 7. Nxd6+ Ke7
8. Nxc8+ Rxc8 9. Nc3 Nf6 10. Rb1 Re8 11. e3 Kf8 12. Bb5 Kg8 13. Bxc6 bxc6 14.
Rb7 a6 15. f3 Rb8 16. Rxb8 Qxb8 17. O-O exf3 18. Qxf3 h5 19. Rb1 Ng4 20. Rxb8
Rxb8 21. Nd1 d5 22. Nf2 Rb2 23. h3 Nf6 24. Qf4 Rxa2 25. Qb8+ Kh7 26. g4 hxg4 27.
hxg4 1-0

[Event "GESETZ MEISTER"]
[Site "http://www.queenalice.com/game.php?id=830665"]
[Date "2010.9.10"]
[Round "-"]
[White "GesetzMeister"]
[Black "purplereign"]
[Result "0-1"]
[WhiteElo "1495"]
[BlackElo "1455"]

1. e4 e5 2. Nf3 Nf6 3. Bc4 Qe7 4. Ng5 Kd8 5. Nxf7+ Ke8 6. Nxh8 Qc5 7. Bf7+ Ke7
8. a3 Nc6 9. d3 Nd8 10. b4 Qd4 11. c3 Qd6 12. O-O Nxf7 13. Nxf7 Kxf7 14. f4 Qb6+
15. Kh1 exf4 16. Rxf4 c5 17. e5 d6 18. exf6 gxf6 19. Be3 Bh6 20. Qh5+ Kg7 21.
Rh4 Bg5 22. Qxh7+ Kf8 23. Bxg5 fxg5 24. Rh6 Qb5 25. c4 Qa4 26. Rf6+ Ke8 27. Nc3
Qd7 0-1

[Event "Challenge"]
[Site "http://www.queenalice.com/game.php?id=834703"]
[Date "2010.9.18"]
[Round "-"]
[White "rutger"]
[Black "purplereign"]
[Result "0-1"]
[WhiteElo "1412"]
[BlackElo "1440"]

1. Nf3 Nf6 2. g3 g6 3. Bg2 Bh6 4. d4 g5 5. Nxg5 Bxg5 6. Bxg5 Ng8 7. Qd2 h6 8.
Bf4 d5 9. Nc3 Nf6 10. Bxh6 Ng4 11. Bg7 Rxh2 12. Rxh2 Nxh2 0-1